Geometría elemental según un nuevo sistema práctico (Record no. 26146)

MARC details
000 -CABECERA
campo de control de longitud fija 00658nam a2200217 a 4500
003 - IDENTIFICADOR DEL NÚMERO DE CONTROL
campo de control MX-MxUPN
005 - FECHA Y HORA DE LA ÚLTIMA TRANSACCIÓN
campo de control 20240806111310.0
008 - ELEMENTOS DE LONGITUD FIJA--INFORMACIÓN GENERAL
campo de control de longitud fija 991125s1876 mx r 000 0 spa d
035 ## - NÚMERO DE CONTROL DEL SISTEMA
Número de control de sistema UPN01000026146
040 ## - FUENTE DE LA CATALOGACIÓN
Centro catalogador/agencia de origen MX-MxUPN
Lengua de catalogación spa
Centro/agencia transcriptor MX-MxUPN
041 0# - CÓDIGO DE IDIOMA
Código de lengua del texto/banda sonora o título independiente spa
050 14 - SIGNATURA TOPOGRÁFICA DE LA BIBLIOTECA DEL CONGRESO
Número de clasificación QA445
Número de documento/Ítem T6.3
100 1# - ASIENTO PRINCIPAL--NOMBRE PERSONAL
Nombre de persona Toro, Emilio
9 (RLIN) 52864
245 10 - MENCIÓN DE TÍTULO
Título Geometría elemental según un nuevo sistema práctico
260 ## - PUBLICACIÓN, DISTRIBUCIÓN, ETC.
Lugar de publicación, distribución, etc. México :
Nombre del editor, distribuidor, etc. A. Bouret e Hijo,
Fecha de publicación, distribución, etc. 1876
300 ## - DESCRIPCIÓN FÍSICA
Extensión 150 páginas
650 #4 - ASIENTO SECUNDARIO DE MATERIA - TERMINO TEMATICO
Término de materia o nombre geográfico como elemento de entrada Geometría
Subdivisión general Estudio y enseñanza
9 (RLIN) 19027
700 1# - ASIENTO SECUNDARIO--NOMBRE DE PERSONAL
Nombre de persona Terrones Benítez, Alfonso,
Fechas asociadas al nombre 1902-1981
9 (RLIN) 51917
Término indicativo de función/relación propietario anterior
904 ## - ELEMENTOS DE DATOS D LOCAL, LDD (RLIN)
a AC
b 026147
942 ## - ELEMENTOS DE PUNTO DE ACCESO ADICIONAL (KOHA)
Fuente del sistema de clasificación o colocación Library of Congress Classification
Tipo de ítem Koha Libro
Holdings
Estado de retiro Estado de pérdida Fuente del sistema de clasificación o colocación Estado dañado No para préstamo Código de colección Localización permanente Ubicación/localización actual Ubicación en estantería Fecha de adquisición Enumeración/cronología de publicación seriada Total de préstamos Clasificación Código de barras Fecha visto por última vez Tipo de ítem Koha Nota pública
    Library of Congress Classification   Disponible (Previa cita) Fondo Reservado de libros Bib. Gregorio Torres Quintero Bib. Gregorio Torres Quintero Sala de Fondos Reservados Planta alta 13/09/2022 - 2 QA445 T6.3 123437 31/12/2020 Libro Ejemplar con ex libris de Alfonso Terrones Benítez